Economía ambiental (Registro nro. 4888)
[ vista simple ]
| 000 -LEADER | |
|---|---|
| fixed length control field | 02128 a2200253 4500 |
| 001 - CONTROL NUMBER | |
| control field | 49817 |
| 005 - DATE AND TIME OF LATEST TRANSACTION | |
| control field | 20260407155759.0 |
| 008 - FIXED-LENGTH DATA ELEMENTS--GENERAL INFORMATION | |
| fixed length control field | 260407a1995 arg spa d |
| 003 - CONTROL NUMBER IDENTIFIER | |
| control field | AR-UNSa-BCEJYS |
| 040 ## - CATALOGING SOURCE | |
| Original cataloging agency | AR-UNSa-BCEJYS |
| Language of cataloging | spa |
| Transcribing agency | AR-UNSa-BCEJYS |
| 080 ## - UNIVERSAL DECIMAL CLASSIFICATION NUMBER | |
| Universal Decimal Classification number | 504.03 |
| Common auxiliary subdivision | Aspectos sociales y socioeconómicos del impacto del hombre sobre el medio ambiente. Ecología social ( Economía ambiental) |
| 020 ## - INTERNATIONAL STANDARD BOOK NUMBER | |
| International Standard Book Number | 958-600-419-8 |
| 041 ## - LANGUAGE CODE | |
| Language code of text/sound track or separate title | spa |
| 100 1# - MAIN ENTRY--PERSONAL NAME | |
| Personal name | Field, Barry C. |
| 245 10 - TITLE STATEMENT | |
| Title | Economía ambiental |
| Name of part/section of a work | una introducción |
| 264 #1 - PRODUCTION, PUBLICATION, DISTRIBUTION, MANUFACTURE, AND COPYRIGHT NOTICE | |
| Place of production, publication, distribution, manufacture | Bogotá : |
| Name of producer, publisher, distributor, manufacturer | McGraw-Hill |
| Date of production, publication, distribution, manufacture, or copyright notice | 1995 |
| 300 ## - PHYSICAL DESCRIPTION | |
| Extent | xviii, 587 p. |
| Dimensions | 23 cm. |
| 505 ## - FORMATTED CONTENTS NOTE | |
| Formatted contents note | SECCIÓN I: Introductoria: ¿Qué es la economía ambiental? - 2. La economía del ambiente - SECCIÓN II: Herramientas analíticas: 3. Beneficios y costos, oferta y demanda - 4. Eficiencia económica y mercados - 5. La economía de la calidad ambiental - SECCIÓN III: Análisis ambiental: 6. Marco conceptual de análisis - 7. Análisis de costo-beneficio: Beneficios - 8. Análisis de Costo-Beneficio: Costos - SECCIÓN IV: Análisis de la política ambiental: 9. Criterios para evaluar las políticas ambientales - 10. Políticas descentralizadas - 11. Estrategias de regulación directa y control: El caso de los estándares - 12. Estrategias basadas en incentivos: Impuestos y subsidios a las emisiones - 13. Estrategias basadas en incentivos: Permisos negociables de descargas - SECCIÓN V: La política ambiental en EEUU: 14. Política federal para el control de la contaminación de aguas - 15. Política federal para el control de la contaminación del aire - 16. Política federal sobre sustancias tóxicas y peligrosas - 17. Asuntos ambientales a escala estatal y local - SECCIÓN VI: Asuntos ambientales en otros países industrializados - 19. Desarrollo económico y el ambiente - 20. El ambiente global - 21. Acuerdos ambientales internacionales. |
| 590 ## - LOCAL NOTE (RLIN) | |
| Local note | niveau_biblio:m niveau_hierar:0 |
| 700 1# - ADDED ENTRY--PERSONAL NAME | |
| Personal name | Cano, Leonardo |
| 700 1# - ADDED ENTRY--PERSONAL NAME | |
| Personal name | Cárdenas, Juan Camilo |
| 856 41 - ELECTRONIC LOCATION AND ACCESS | |
| Uniform Resource Identifier | <a href="https://www.biblioeco.unsa.edu.ar/pmb/images/libros/L128191.jpg">https://www.biblioeco.unsa.edu.ar/pmb/images/libros/L128191.jpg</a> |
| Link text | Imagen de portada |
| Electronic format type | image/jpeg |
| 942 ## - ADDED ENTRY ELEMENTS (KOHA) | |
| Koha item type | |
| Withdrawn status | Lost status | Damaged status | Not for loan | Home library | Current library | Shelving location | Date acquired | Total checkouts | Full call number | Barcode | Date last seen | Price effective from | Koha item type |
|---|---|---|---|---|---|---|---|---|---|---|---|---|---|
| Biblioteca Prof. Eusebio Cleto del Rey | Biblioteca Prof. Eusebio Cleto del Rey | 07/04/2026 | 504.03 F453e | L128191 | 07/04/2026 | 07/04/2026 | Libro |